|
|
|
|
| LEADER |
00646cam a2200193 a 4500 |
| 001 |
0000088995 |
| 005 |
20080403090000.0 |
| 040 |
|
|
|a mod
|
| 041 |
|
|
|a eng
|
| 020 |
0 |
0 |
|a 9780521566278
|
| 090 |
0 |
0 |
|a 355.02
|b MAK
|e 1994
|
| 245 |
0 |
4 |
|a The making of strategy
|b rulers, states, and war
|c edited by William Murray, Macgregor Knox and Alvin Bernstein
|
| 260 |
0 |
0 |
|a Cambridge
|b Cambridge University Press
|c 1994
|
| 300 |
0 |
0 |
|a xiv, 680 p.
|b ill. map.
|c 23 cm
|
| 500 |
0 |
0 |
|a Includes index
|
| 650 |
0 |
0 |
|a Strategy
|x Case studies
|
| 700 |
1 |
1 |
|a Knox
|h Macgregor
|
| 700 |
1 |
1 |
|a Bernstein
|h Alvin
|
| 999 |
|
|
|a 0264267
|b KD Sultan Idris
|d BOOKS
|e Umum
|f Other Branches
|j AVAILABLE
|q GOOD CONDITION
|